• 首页
  • 本馆介绍
  • 公告通知
  • 最新文献
  • 馆藏检索
  • 电子资源
  • 读者导购
  • 参考咨询
  • 我的图书馆
  • 登录
  • 详细信息显示
  • 放入我的书架
  • 预约/预借图书
  • 作者相关作品
  • 分类相关作品
  • 丛书相关作品
  • 出版社相关作品

书目信息

  • 表格格式
  • 工作单格式
  • 卡片格式
题名:
物流市场研究
    
 
作者: 赵艳 著
分册:  
出版信息: 北京   中国物资出版社  2005
页数: 343页
开本: 21cm
丛书名:
单 册:
中图分类: F252.2
科图分类:
主题词: 物资市场--研究
电子资源:
ISBN: 7-5047-2284-7
000 00778nam0 2200229 450
001 TS2006046762
005 20070110083735.29
010    @a7-5047-2284-7@dCNY20.00
100    @a20060829d2005 em y0chiy0120 ea
101 0  @achi
102    @aCN@b110000
105    @ay z 000yy
200 1  @a物流市场研究@AWu Liu Shi Chang Yan Jiu@e理论与实务@ELi Lun Yu Shi Wu@f赵艳著@FZhao Yan Zhu
210    @a北京@c中国物资出版社@d2005
215    @a343页@d21cm
300    @a北京市优秀人才专项资助项目
330    @a本书内容包括:市场意义上的物流问题、物流市场的产生与发展、物流市场结构与运行绩效、中国物流市场发展实证分析、物流市场运作等。
606 0  @a物资市场@x研究
690    @aF252.2@v4
701  0 @a赵艳@AZhao Yan@4著
801  0 @aCN@b中图数据@c20070110
905    @a10447@dF252.2@e56
    
    物流市场研究:理论与实务/赵艳著.-北京:中国物资出版社,2005
    343页;21cm
    北京市优秀人才专项资助项目
    
    ISBN 7-5047-2284-7:CNY20.00
    本书内容包括:市场意义上的物流问题、物流市场的产生与发展、物流市场结构与运行绩效、中国物流市场发展实证分析、物流市场运作等。
●
相关链接 在E读中查询图书 在五车中查询图书 在当当中查询图书 在豆瓣中查询图书


正题名:物流市场研究     索取号:F252.2/56         预约/预借

序号 登录号 条形码 馆藏地/架位号 状态 备注
1 0600224   206002243   第一样本阅览室/ [索取号:F252.2/56] 在馆    
2 0600225   206002252   密集书库/ [索取号:F252.2/56] 在馆    
3 0600226   206002261   密集书库/ [索取号:F252.2/56] 在馆    
4 0600227   206002270   第一借阅区/ [索取号:F252.2/56] 在馆    
5 0600228   206002289   第一借阅区/ [索取号:F252.2/56] 在馆    
6 0600229   206002298   第一借阅区/ [索取号:F252.2/56] 在馆    
唐山师范学院图书馆 欢迎您!
大连网信软件有限公司© 版权所有